Second helpings (Record no. 74045)

MARC details
000 -LEADER
fixed length control field 01266cab a2200229 4500
001 - CONTROL NUMBER
control field ABS67310
008 - FIXED-LENGTH DATA ELEMENTS--GENERAL INFORMATION
fixed length control field 040108n2003 000 0 eng u
035 ## - SYSTEM CONTROL NUMBER
System control number (Sirsi) u124759
100 ## - MAIN ENTRY--PERSONAL NAME
Personal name Wheeler, P.
245 ## - TITLE STATEMENT
Title Second helpings
260 ## - PUBLICATION, DISTRIBUTION, ETC.
Date of publication, distribution, etc. 2003
490 ## - SERIES STATEMENT
Series statement New Civil Engineer
Volume/sequential designation (1512) 11/25 December 2003, 25-26(2)
520 ## - SUMMARY, ETC.
Summary, etc. Examines the trend among foundation engineers to reuse piled foundations, something which could have implications for new developments in London. Whilst not a new idea, it has fallen out of favour since the 19th century. The reuse of pilings could prove a solution to the construction of buildings on previously piled land and the constraints of building on potential archeological sites. The article examines the topic from both a European and North American perspective, with details about the Re-use of Foundations for Urban Sites (RuFUS) project and website at www.webforum.com/rufus/.
590 ## - LOCAL NOTE (RLIN)
Local note ABS
650 ## - SUBJECT ADDED ENTRY--TOPICAL TERM
Topical term or geographic name entry element BUILT ENVIRONMENT-BUILDING ELEMENTS-COMPLETE BUILDING ELEMENTS-FOUNDATIONS
650 ## - SUBJECT ADDED ENTRY--TOPICAL TERM
Topical term or geographic name entry element PILING
650 ## - SUBJECT ADDED ENTRY--TOPICAL TERM
Topical term or geographic name entry element PILE FOUNDATIONS
650 ## - SUBJECT ADDED ENTRY--TOPICAL TERM
Topical term or geographic name entry element REDEVELOPMENT
690 ## - LOCAL SUBJECT ADDED ENTRY--TOPICAL TERM (OCLC, RLIN)
Topical term or geographic name as entry element BUILDING AND CONSTRUCTION-SUSTAINABLE
856 ## - ELECTRONIC LOCATION AND ACCESS
Uniform Resource Identifier <a href="https://www.webforum.com/rufus/">https://www.webforum.com/rufus/</a>
Public note View the RuFUS website...
942 ## - ADDED ENTRY ELEMENTS (KOHA)
Suppress in OPAC 0
Holdings
Withdrawn status Lost status Source of classification or shelving scheme Damaged status Not for loan Home library Current library Shelving location Date acquired Total Checkouts Full call number Barcode Date last seen Copy number Price effective from Koha item type
    Dewey Decimal Classification     London London Journal article 08/01/2004   ABS67310 124759-1001 06/08/2019 1 06/08/2019 Journal article